000 00289nam a22001217a 4500
008 170413b xxu||||| |||| 00| 0 eng d
041 _aeng
080 _210 ED
_a618
100 _a10
101 _aSHM
245 _aANUAL CLINICAL CARE OPTIONS FOR HIV
_cCHAIRSON.R.E
942 _2udc
_cBK
999 _c10608
_d10608